000 01499nam a2200301 a 4500
001 61981
003 BD-RjUL
005 20211209081027.0
008 170122s2007 bg a s o000 0|eng||
020 _a984508723X
_c: Tk. 500.00 Inland
035 _a(BD-RjUL)62106
040 _aDLC
_cDLC
_dDLC
_dBD-RjUL
_beng
041 0 _aengben
082 _223
_a304.6095492021
_bNAS 2007 (CS)
110 _aBangladesh Bureau of Statistics.
_9179266
245 1 0 _aBangladesh population census-2001 = বাংলাদেশ আদমশুমারি-২০০১ :
_bCommunity series, Zila: Narsingdi = কমিউনিটি সিরিজ, জেলা: নরসিংদী /
_cBangladesh Bureau of Statistics.
246 _aবাংলাদেশ আদমশুমারি-২০০১ :
_bকমিউনিটি সিরিজ, জেলা: নরসিংদী
260 _aDhaka :
_bBangladesh Bureau of Statistics,
_c2007
300 _axiv, 229 p. :
_bill. ;
_c28 cm.
490 _aCommunity series, Zila: Narsingdi
490 _aকমিউনিটি সিরিজ, জেলা: নরসিংদী
500 _aPrefatory matter in Bengali and English.
651 _aBangladesh
_zNarsingdi
_vCensus, 2001.
_9183907
651 _aBangladesh
_zNarsingdi
_xPopulation
_vStatistics.
_9180155
_y2001
830 _aCommunity series, Zila: Narsingdi
_9185205
830 _aকমিউনিটি সিরিজ, জেলা: নরসিংদী
_9179981
942 _2ddc
_cRAR
999 _c61981
_d61981